[Event "ICS rated blitz match"]
[Site "207.99.83.227"]
[Date "1999.04.22"]
[Round "?"]
[White "sjonnie"]
[Black "Hossa"]
[Result "0-1"]
[WhiteElo "2335"]
[BlackElo "2452"]
[PlyCount "74"]

1. e4 c5 2. Nf3 Nc6 3. Bb5 d6 4. O-O e5 5. c3 Nf6 6. Re1 Bg4 7. h3 Bxf3 8. Qxf3
Be7 9. Qd1 O-O 10. Na3 a6 11. Bf1 d5 12. exd5 Qxd5 13. Nc4 Rae8 14. Ne3 Qe6 15.
Bc4 Qd7 16. Qc2 e4 17. d3 b5 18. dxe4 bxc4 19. Nxc4 Qe6 20. Nd2 Rd8 21. f3 Nh5
22. Nf1 Ne5 23. Be3 Qg6 24. Qe2 Nd3 25. Red1 Nhf4 26. Bxf4 Nxf4 27. Qc2 Nxh3+
28. Kh2 Nf4 29. Ne3 Bd6 30. Kg1 Bc7 31. Nf5 Qg5 32. g4 g6 33. Ng3 Nh3+ 34. Kg2
Qh4 35. Nf1 Bg3 36. Rd5 Nf4+ 37. Kg1 37... Bf2+ {sjonnie resigns} 0-1

[Event "ICS rated bullet match"]
[Site "207.99.83.227"]
[Date "1999.04.22"]
[Round "?"]
[White "TDChess"]
[Black "Hossa"]
[Result "1-0"]
[WhiteElo "2542"]
[BlackElo "2454"]
[Annotator "Crafty v16.6"]
[PlyCount "83"]

{annotating for player Hossa using a scoring margin of +0.10 pawns. search
time limit is 10.00} 1. d4 1... d5 2. c4 dxc4 3. Nf3 b5 4. a4 c5 ({7:-0.32} 
4... c5 5. dxc5 Qxd1+ 6. Kxd1 b4 7. Bf4 Na6 8. c6 8... b3 $14) ({7:+0.37} 4...
c6 5. Bg5 Nf6 6. Nc3 b4 7. Bxf6 exf6 8. Ne4 $15) 5. dxc5 Qxd1+ 6. Kxd1 e6 ({
8:-0.82} 6... e6 7. Nc3 bxa4 8. Nxa4 Bb7 9. Ke1 Bd5 10. Ne5 10... Nc6 $16) ({
8:-0.61} 6... b4 7. Ke1 Nf6 8. Bf4 Nd5 9. Be5 Nc6 10. Nbd2 Nxe5 11. Nxe5 $14)
7. Be3 b4 8. Nbd2 Na6 9. c6 Ne7 10. Rc1 Nxc6 11. Rxc4 Bd7 12. Rc2 Be7 13. Nd4
Na5 14. Nb5 O-O 15. Bxa7 Bxb5 16. axb5 Rxa7 17. bxa6 Rd8 18. Ke1 Rxa6 19. e3
Rad6 20. Ne4 Rd1+ 21. Ke2 Nb3 22. Rc7 Bf8 23. Rc2 Rb1 24. g4 Na1 25. Rc7 Rxb2+
26. Kf3 Nc2 27. Ba6 b3 28. Rc1 Bb4 29. Kg3 Rf8 30. Rd1 g6 31. Rcd7 h6 32. Rc7
f5 33. Rdd7 Rf7 34. Rxf7 fxe4 35. Rg7+ Kh8 36. Rgd7 Kg8 37. Bc4 Nd4 38. exd4
Be7 39. Rxe7 Rxf2 40. Rc8+ Rf8 41. Bxe6+ Kh8 42. Rxf8# 1-0

[Event "ICS Rated bullet match"]
[Site "207.99.83.227"]
[Date "1999.04.22"]
[Round "?"]
[White "Ernestine"]
[Black "Hossa"]
[Result "0-1"]
[WhiteElo "2059"]
[BlackElo "2445"]
[PlyCount "58"]

1. e4 e6 2. d4 d5 3. e5 c5 4. c3 Nc6 5. Nf3 cxd4 6. cxd4 Bb4+ 7. Bd2 Bxd2+ 8.
Qxd2 Nge7 9. Bd3 a6 10. O-O Bd7 11. Nc3 Rc8 12. Rac1 O-O 13. Bb1 Ng6 14. Rfd1
Nh4 15. Qf4 Nxf3+ 16. Qxf3 Qh4 17. Qd3 f6 18. f4 fxe5 19. fxe5 Rf5 20. g3 Qg4
21. Qe2 Rf3 22. Rd3 Nxd4 23. Rxd4 Qxd4+ 24. Kg2 Rcf8 25. Nd1 Bb5 26. Qc2 Bf1+
27. Kh1 Bd3 28. Qd2 Qe4 29. Bxd3 29... Rf1# {Ernestine checkmated} 0-1

[Event "ICS rated blitz match"]
[Site "207.99.83.227"]
[Date "1999.04.22"]
[Round "?"]
[White "Hossa"]
[Black "rajah"]
[Result "0-1"]
[WhiteElo "2463"]
[BlackElo "2454"]
[Annotator "Crafty v16.6"]
[PlyCount "85"]

{annotating for player Hossa using a scoring margin of +0.10 pawns. search
time limit is 10.00} 1. d4 1... Nf6 2. f3 e6 3. e4 ({8:-0.80} 3. e4 3... Be7 4.
Bd3 O-O 5. Ne2 Nc6 6. O-O 6... Bd6 $17) ({8:-0.66} 3. Bg5 3... Be7 4. Nc3 Nc6
5. Qd2 h6 6. Bf4 6... O-O $15) 3... Be7 4. Bd3 O-O 5. Ne2 c5 6. e5 ({8:-0.71} 
6. e5 6... Nd5 7. c4 Nb4 8. O-O N8c6 9. Be3 Nxd3 10. Qxd3 $17) ({8:-0.50} 6. c3
6... d5 7. exd5 Qxd5 8. O-O Nc6 9. Be3 cxd4 10. Nxd4 10... Bd7 $15) 6... Nd5 7.
dxc5 Nc6 8. c4 ({7:-1.30} 8. c4 8... Qa5+ 9. Bd2 Ndb4 10. Bc3 Qxc5 11. f4 Nxd3+
12. Qxd3 Bh4+ 13. Ng3 $17) ({7:-0.82} 8. f4 8... Bxc5 9. Be4 Nb6 10. Nbc3 d5
11. Bd3 $17) 8... Qa5+ 9. Kf1 ({8:-2.15} 9. Kf1 9... Ndb4 10. f4 Qxc5 11. Nbc3
Nxd3 12. Qxd3 Nb4 13. Qe4 $19) ({8:-1.35} 9. Nec3 9... Nxc3 10. Nxc3 Nxe5 11.
Be3 Bxc5 12. Qe2 Qb6 13. Bxc5 13... Qxc5 $17) 9... Ndb4 10. f4 Qxc5 11. Nbc3 d5
12. cxd5 exd5 13. a3 Bh4 14. Bxh7+ Kxh7 15. g3 Bh3+ 16. Ke1 Bf5 17. axb4 Nxb4
18. Qa4 Nc2+ 19. Kd1 Nxa1 20. Qxa1 Be7 21. Qa4 Rad8 22. Nd4 Bg4+ 23. Ke1 Kh8
24. h3 Bd7 25. Qd1 Qc4 26. Qh5+ Kg8 27. Nce2 Bc5 28. b3 Qb4+ 29. Bd2 Qa3 30.
Nf3 Qxb3 31. Ng5 Qb1+ 32. Nc1 d4 33. f5 Bxf5 34. Rf1 Bb4 35. Bxb4 Qxc1+ 36. Kf2
Qb2+ 37. Kg1 Bg6 38. Qh4 Qxb4 39. Qf4 a5 40. Qh4 Qc5 41. Kg2 d3 42. e6 fxe6 43.
Nf3 0-1

[Event "ICS rated blitz match"]
[Site "207.99.83.227"]
[Date "1999.04.22"]
[Round "?"]
[White "JudgeTurpin"]
[Black "Hossa"]
[Result "1-0"]
[WhiteElo "2529"]
[BlackElo "2447"]
[Annotator "Crafty v16.6"]
[PlyCount "108"]

{annotating for player Hossa using a scoring margin of +0.10 pawns. search
time limit is 10.00} 1. g3 1... e5 2. c4 Bc5 3. e3 Nc6 4. Nc3 Nge7 ({8:+0.06} 
4... Nge7 5. Bg2 d6 6. d3 Bf5 7. e4 Be6 8. Bg5 $10) ({8:+0.33} 4... Nf6 5. e4
d6 6. Bg2 Be6 7. d3 Nd4 8. Nf3 $15) 5. Nf3 d6 6. d4 Bb4 ({8:-0.03} 6... Bb4 7.
dxe5 dxe5 8. Qxd8+ Nxd8 9. Nxe5 O-O 10. Bd2 Bd6 11. f4 11... Bf5 $10) ({8:+0.13
} 6... exd4 7. exd4 Bb4 8. Bg2 O-O 9. O-O Bg4 10. Bg5 10... Re8 $10) 7. dxe5
Bxc3+ 8. bxc3 Nxe5 ({9:-0.42} 8... Nxe5 9. Nxe5 dxe5 10. Qxd8+ Kxd8 11. Bg2 Nc6
12. O-O Bg4 13. Ba3 Be2 14. Rfb1 $14) ({9:-0.18} 8... O-O 9. exd6 cxd6 10. Bg2
Be6 11. Nd2 Na5 12. O-O Rc8 13. Qh5 Bxc4 14. Nxc4 14... Rxc4 $10) 9. Nxe5 dxe5
10. Qxd8+ Kxd8 11. Ba3 Nc6 12. Rd1+ Ke8 13. Be2 Bf5 14. g4 Bg6 15. O-O Rd8 16.
Rxd8+ Kxd8 17. Rd1+ Kc8 18. g5 Bf5 19. Bf3 e4 20. Rd5 Be6 21. Bxe4 Bxd5 22.
cxd5 Ne5 23. Bc5 Re8 24. Bf5+ Kb8 25. f4 Nf3+ 26. Kf2 Nd2 27. Ke2 Ne4 28. Bd4
g6 29. Bxe4 Rxe4 30. Kd3 Re8 31. e4 Rd8 32. c4 Rd6 33. Bc5 Ra6 34. a3 b6 35.
Bb4 Ra4 36. f5 Kb7 37. Kc3 Ra6 38. c5 gxf5 39. c6+ Kc8 40. exf5 Ra4 41. Kc4 a6
42. h4 b5+ 43. Kc5 Kd8 44. h5 a5 45. g6 hxg6 46. h6 axb4 47. h7 Ke7 48. h8=Q
gxf5 49. Qe5+ Kf8 50. axb4 Ra3 51. Qxc7 Rd3 52. d6 Rc3+ 53. Kxb5 Kg7 54. d7 Kg6
1-0

[Event "ICS rated blitz match"]
[Site "207.99.83.227"]
[Date "1999.04.22"]
[Round "?"]
[White "Hossa"]
[Black "JudgeTurpin"]
[Result "1/2-1/2"]
[WhiteElo "2435"]
[BlackElo "2541"]
[PlyCount "149"]

1. d4 d5 2. e3 Nf6 3. Bd3 c5 4. dxc5 e5 5. b4 e4 6. Bb5+ Bd7 7. Bxd7+ Nbxd7 8.
a3 a5 9. Bb2 axb4 10. axb4 Rxa1 11. Bxa1 Qa8 12. Bxf6 Nxf6 13. c3 Be7 14. Ne2
O-O 15. O-O Qa6 16. Nd4 Re8 17. Kh1 Qa8 18. Nd2 Qa6 19. Rg1 Bd8 20. b5 Qa3 21.
N2b3 Qb2 22. Qd2 Qxd2 23. Nxd2 Ng4 24. Rf1 Bc7 25. h3 Ne5 26. N2b3 Ra8 27. Nf5
Kf8 28. b6 Bb8 29. Kg1 g6 30. Nfd4 Ke7 31. Nc2 Nd3 32. Nb4 Be5 33. Rd1 Ra3 34.
Nxd5+ Ke6 35. Nc7+ Bxc7 36. Nd4+ Kd7 37. Nb5 Rb3 38. Nxc7 Kc6 39. f3 Nxc5 40.
Nd5 exf3 41. gxf3 Na4 42. e4 Nxb6 43. Nxb6 Rxb6 44. Rd8 f5 45. exf5 gxf5 46.
Rf8 Rb3 47. Kg2 f4 48. Rxf4 Rxc3 49. Rf6+ Kd5 50. Rf7 b5 51. Rd7+ Kc6 52. Rxh7
b4 53. Rh8 Rc2+ 54. Kg3 b3 55. Rb8 b2 56. h4 Kc7 57. Rb4 Kd6 58. Rb7 Kc6 59.
Rb3 Kd5 60. h5 Kc4 61. Rb7 Kc3 62. h6 Rc1 63. h7 Rh1 64. Rc7+ Kd2 65. Rb7 Kc2
66. Rc7+ Kb3 67. Rb7+ Ka2 68. Ra7+ Kb3 69. Rb7+ Kc3 70. Rc7+ Kd3 71. Rd7+ Kc2
72. Rc7+ Kd3 73. Rd7+ Kc2 74. Rc7+ Kd3 75. Rd7+ {Game drawn by repetition}
1/2-1/2

[Event "ICS rated blitz match"]
[Site "207.99.83.227"]
[Date "1999.04.22"]
[Round "?"]
[White "JudgeTurpin"]
[Black "Hossa"]
[Result "1-0"]
[WhiteElo "2536"]
[BlackElo "2440"]
[Annotator "Crafty v16.6"]
[PlyCount "106"]

{annotating for player Hossa using a scoring margin of +0.10 pawns. search
time limit is 10.00} 1. Nf3 1... d5 2. g3 e6 3. Bg2 Nf6 4. O-O Bd6 5. d3 O-O 6.
Nbd2 Nc6 7. b3 Ne5 ({8:-0.11} 7... Ne5 8. Bb2 Neg4 9. Re1 Bd7 10. h3 Nh6 11.
Ne5 $10) ({8:+0.18} 7... e5 8. c3 Bg4 9. Ng5 Qd7 10. Bb2 Qf5 11. Ndf3 $10) 8.
Bb2 Nxf3+ 9. Nxf3 Bd7 10. c4 Qe7 11. d4 dxc4 12. bxc4 c6 ({9:-0.29} 12... c6
13. c5 Bc7 14. Ne5 Bc8 15. Qd2 Nd7 16. Nxd7 Bxd7 17. Rab1 $10) ({9:-0.18} 12...
c5 13. dxc5 Bxc5 14. Bxf6 gxf6 15. Qd2 Rad8 16. Qh6 Ba4 17. Rac1 17... Rfe8 $10
) 13. c5 Bc7 14. Qd3 Rad8 15. Rad1 Ng4 16. Qa3 Bb8 17. Qc3 f5 18. h3 Nf6 19.
Qb3 Bc8 20. Qc4 f4 21. gxf4 Bxf4 22. Kh1 Nd5 23. e3 Bxe3 24. fxe3 Nxe3 25. Qa4
a6 26. Bc3 Rd5 27. Rb1 Nxf1 28. Rxf1 Rdf5 29. Qb3 Kh8 30. a4 Qc7 31. Qd1 Qd8
32. Qd2 Qd5 33. Qe3 Qc4 34. Ra1 a5 35. Bxa5 Qc2 36. Bc7 Kg8 37. Be5 Qc4 38. Qe4
Kh8 39. Qg4 R5f7 40. Ng5 Kg8 41. Nxf7 Rxf7 42. Qg5 Qc3 43. Rb1 Qd3 44. Rb6 Qe2
45. Qd8+ Rf8 46. Qc7 Qd1+ 47. Kh2 Rf7 48. Qxc8+ Rf8 49. Qxe6+ Kh8 50. Bxg7+
Kxg7 51. Rxb7+ Kh8 52. Qe5+ Rf6 53. Qe8+ Rf8 1-0

[Event "ICS rated blitz match"]
[Site "207.99.83.227"]
[Date "1999.04.22"]
[Round "?"]
[White "Hossa"]
[Black "JudgeTurpin"]
[Result "0-1"]
[WhiteElo "2428"]
[BlackElo "2548"]
[PlyCount "64"]

1. e4 e5 2. Bc4 Nf6 3. d3 Nc6 4. Nf3 Be7 5. Bg5 d6 6. O-O O-O 7. Nbd2 Be6 8.
Bb5 Ng4 9. Bxc6 Bxg5 10. Nxg5 Qxg5 11. Bxb7 Rab8 12. Bd5 Qf4 13. g3 Qh6 14. h4
Bxd5 15. exd5 Nf6 16. Nc4 Nxd5 17. Qf3 Qe6 18. Qg2 f5 19. Qf3 f4 20. g4 h5 21.
gxh5 Rf6 22. Kh1 Ne7 23. Rae1 Nf5 24. Rg1 Nxh4 25. Qg4 Qxg4 26. Rxg4 Nf3 27.
Rc1 Rh6 28. Kg2 Nd4 29. Rg5 Kf7 30. Kh3 g6 31. Kg4 gxh5+ 32. Kh3 32... Nf3 {
Hossa resigns} 0-1

[Event "ICS rated bullet match"]
[Site "207.99.83.227"]
[Date "1999.04.22"]
[Round "?"]
[White "Hossa"]
[Black "SuperChicken"]
[Result "0-1"]
[WhiteElo "2448"]
[BlackElo "2818"]
[Annotator "Crafty v16.6"]
[PlyCount "124"]

{annotating for player Hossa using a scoring margin of +0.10 pawns. search
time limit is 10.00} 1. Nf3 1... d5 2. g3 Bg4 3. Bg2 Nd7 4. O-O Ngf6 5. d4 ({
8:+0.17} 5. d4 5... e6 6. c4 dxc4 7. Nfd2 Nd5 8. Nxc4 8... Bb4 $10) ({8:+0.40} 
5. c4 5... e6 6. cxd5 Nxd5 7. Nc3 Bd6 8. Qb3 Nc5 9. Qc4 $14) 5... e6 6. Bf4 ({
8:-0.33} 6. Bf4 6... Be7 7. Nc3 Nh5 8. Bd2 O-O 9. e4 Nb6 10. exd5 10... Nxd5
$15) ({8:+0.03} 6. c4 6... Bd6 7. cxd5 exd5 8. Nc3 O-O 9. Bg5 h6 10. Bh4 $10)
6... Bd6 7. Bxd6 cxd6 8. Nbd2 O-O 9. c3 ({9:-0.40} 9. c3 9... Rc8 10. Re1 Qb6
11. Nb3 Qc6 12. Ng5 Ne4 13. Nxe4 13... dxe4 $15) ({9:-0.20} 9. c4 9... Rc8 10.
cxd5 Nxd5 11. Qb3 N7b6 12. e4 Nf6 13. Qd3 13... Qd7 $10) 9... e5 10. Qe1 ({
7:-0.54} 10. Qe1 10... e4 11. Ng5 Nh5 12. Nh3 Bxh3 13. Bxh3 13... Rc8 $15) ({
7:-0.22} 10. dxe5 10... dxe5 11. Nb3 a5 12. a4 Bf5 13. Ng5 13... Ne4 $10) 10...
Qe7 11. Rd1 ({8:-0.80} 11. Rd1 11... e4 12. Ng5 e3 13. Ndf3 Ne4 14. Nxe4 Qxe4
15. Ne5 $17) ({8:-0.22} 11. e4 11... dxe4 12. Nxe4 Bxf3 13. Bxf3 Rae8 14. Rd1
exd4 15. Rxd4 Nc5 16. Nxf6+ $10) 11... e4 12. Ng5 e3 13. Ndf3 exf2+ 14. Qxf2
Bh5 15. Qe1 Rae8 16. Rd2 Ng4 17. Qb1 Ndf6 18. Kh1 Ne3 19. Rg1 Nc4 20. Rdd1 Bg6
21. Qa1 Ng4 22. Nh3 Nge3 23. Rc1 Nc2 24. Qb1 Nxd4 25. Qa1 Nxe2 26. Rce1 Qd7 27.
Rgf1 Bd3 28. Nf2 Bf5 29. b3 Na3 30. Nd4 Nxd4 31. Rxe8 Rxe8 32. cxd4 Nc2 33. Qc1
Nxd4 34. Qd2 Nc2 35. Bxd5 Re5 36. Nd1 Qb5 37. Bg2 Be4 38. Kg1 Bd3 39. a4 Qc5+
40. Nf2 Bxf1 41. Bxf1 Nd4 42. Bg2 Nxb3 43. Qd1 Qb4 44. Bf1 Re1 45. Qc2 Qxa4 46.
Qc3 Qe8 47. Qd3 Qe6 48. Kg2 a6 49. Nd1 b5 50. Nf2 Re3 51. Qd1 f5 52. Kg1 a5 53.
Nh3 Qe5 54. Qc2 h6 55. Qc8+ Kh7 56. Qc2 Nd4 57. Qa2 Ne2+ 58. Bxe2 Rxe2 59. Qa3
Qd4+ 60. Kh1 Qe4+ 61. Qf3 Qxf3+ 62. Kg1 Re1# 0-1

[Event "ICS rated blitz match"]
[Site "207.99.83.227"]
[Date "1999.04.22"]
[Round "?"]
[White "JIC"]
[Black "Hossa"]
[Result "1/2-1/2"]
[WhiteElo "2024"]
[BlackElo "2417"]
[PlyCount "69"]

1. e4 Nf6 2. e5 Nd5 3. d4 e6 4. Be2 d6 5. Nf3 Be7 6. O-O O-O 7. c4 Nb6 8. b3
dxe5 9. dxe5 Nc6 10. Bb2 Qxd1 11. Rxd1 Bd7 12. Nc3 Rad8 13. Rd2 f6 14. exf6
Bxf6 15. Rad1 Rf7 16. g3 Rdf8 17. Kg2 Be8 18. Ne4 Bxb2 19. Rxb2 Rd7 20. Rbd2
Rxd2 21. Rxd2 Bd7 22. Nc5 Bc8 23. Ng5 Nd8 24. Bg4 Re8 25. Re2 e5 26. Bxc8 Nxc8
27. f4 h6 28. Nf3 b6 29. Na6 e4 30. Nd2 Nd6 31. Nxc7 Re7 32. Nd5 Re8 33. Nc7
Re7 34. Nd5 Re8 35. Nc7 {Game drawn by repetition} 1/2-1/2

[Event "ICS rated blitz match"]
[Site "207.99.83.227"]
[Date "1999.04.22"]
[Round "?"]
[White "JIC"]
[Black "Hossa"]
[Result "0-1"]
[WhiteElo "2038"]
[BlackElo "2404"]
[PlyCount "58"]

1. e4 e5 2. Nf3 Nc6 3. Nc3 Nf6 4. d4 exd4 5. Nd5 Nxe4 6. Qe2 f5 7. Ng5 d3 8.
cxd3 Nd4 9. Qh5+ g6 10. Qh4 Nc2+ 11. Kd1 Nxa1 12. dxe4 h6 13. exf5 Be7 14. Nxe7
Qxe7 15. Bc4 Kf8 16. fxg6 d5 17. Qf4+ Kg7 18. Re1 Qf6 19. Qxc7+ Kxg6 20. Bd3+
Kh5 21. Nf7 Rg8 22. Re5+ Kh4 23. g3+ Kh3 24. Bf1+ Kxh2 25. Rh5+ Kg1 26. f3 Kxf1
27. Ne5 Qa6 28. Be3 Qe2+ 29. Kc1 29... Qe1# {JIC checkmated} 0-1

[Event "ICS rated blitz match"]
[Site "207.99.83.227"]
[Date "1999.04.22"]
[Round "?"]
[White "Aagaard"]
[Black "Hossa"]
[Result "0-1"]
[WhiteElo "2407"]
[BlackElo "2427"]
[PlyCount "35"]

1. d4 e6 2. c4 d5 3. Nf3 dxc4 4. e4 Bb4+ 5. Bd2 Bxd2+ 6. Qxd2 b5 7. a4 Bb7 8.
axb5 Bxe4 9. Qf4 Bd5 10. Nc3 Nf6 11. Be2 Qd6 12. Qh4 O-O 13. O-O c5 14. dxc5
Qxc5 15. Rad1 Nbd7 16. Rd4 Bxf3 17. Bxf3 g5 18. Qg3 {Aagaard resigns} 0-1

[Event "ICS rated bullet match"]
[Site "207.99.83.227"]
[Date "1999.04.22"]
[Round "?"]
[White "Hossa"]
[Black "TDChess"]
[Result "1-0"]
[WhiteElo "2445"]
[BlackElo "2536"]
[PlyCount "55"]

1. d4 e6 2. Nf3 f5 3. e3 Be7 4. Bb5 Nf6 5. b3 c6 6. Bd3 Ne4 7. O-O d6 8. Bb2 g5
9. Nbd2 g4 10. Bxe4 Rg8 11. Bd3 Kd7 12. Ne1 Qa5 13. e4 f4 14. e5 d5 15. Bxh7
Rg7 16. Bd3 Kc7 17. c3 f3 18. gxf3 gxf3+ 19. Kh1 Nd7 20. Nexf3 Nf8 21. a4 Kd8
22. Rg1 Rf7 23. Rg8 Bd7 24. Bg6 Rf4 25. Qg1 Kc7 26. Qg3 c5 27. Qxf4 Nxg6 28.
Rxg6 {TDChess resigns} 1-0

[Event "ICS rated blitz match"]
[Site "207.99.83.227"]
[Date "1999.04.23"]
[Round "?"]
[White "strator"]
[Black "Hossa"]
[Result "0-1"]
[WhiteElo "2147"]
[BlackElo "2453"]
[PlyCount "106"]

1. e4 e6 2. d4 d5 3. e5 c5 4. c3 Nc6 5. f4 cxd4 6. cxd4 Bb4+ 7. Bd2 Qb6 8. Nf3
Ba5 9. Bxa5 Nxa5 10. b3 Ne7 11. Bd3 Nac6 12. Nc3 Bd7 13. Na4 Qb4+ 14. Qd2 Qxd2+
15. Kxd2 Rc8 16. Rhc1 O-O 17. Nc5 Rc7 18. Rc2 Nb4 19. Nxd7 Nxc2 20. Rc1 Rxd7
21. Rxc2 a6 22. Ng5 h6 23. Nf3 Nc6 24. Rc5 Nb4 25. Bb1 Rfd8 26. a3 Nc6 27. Bd3
Re7 28. a4 Nb4 29. Bb1 h5 30. Kc3 b6 31. Kxb4 bxc5+ 32. dxc5 a5+ 33. Kc3 Rc7
34. Nd4 Rxc5+ 35. Kb2 Rb8 36. Bd3 Rb4 37. Ne2 Rc8 38. g3 d4 39. Ka3 Rd8 40. Kb2
Kf8 41. Nc1 Rbb8 42. Be2 Ke7 43. Nd3 Rdc8 44. Bxh5 Rh8 45. Bf3 Rxh2+ 46. Ka3
Rc8 47. Bd1 Rc3 48. Nb2 Rc1 49. b4 axb4+ 50. Kb3 Rc3+ 51. Ka2 Rxg3 52. a5 Rgg2
53. Kb3 53... Rxb2+ {strator resigns} 0-1

[Event "ICS rated blitz match"]
[Site "207.99.83.227"]
[Date "1999.04.23"]
[Round "?"]
[White "Hossa"]
[Black "strator"]
[Result "1-0"]
[WhiteElo "2458"]
[BlackElo "2142"]
[PlyCount "55"]

1. c4 Nf6 2. d4 e6 3. e3 d5 4. Nf3 Bb4+ 5. Bd2 a5 6. Bd3 c5 7. Bxb4 cxb4 8.
cxd5 Nxd5 9. Qc2 h6 10. O-O O-O 11. Nbd2 Nc6 12. Rac1 Bd7 13. Bc4 Nb6 14. Qe4
Nxc4 15. Nxc4 Qe7 16. Qg4 e5 17. Qh5 exd4 18. Nxd4 Nxd4 19. exd4 Qg5 20. Qxg5
hxg5 21. Nb6 Rad8 22. Rc5 a4 23. Rxg5 Be6 24. d5 f6 25. dxe6 fxg5 26. e7 Rd2
27. exf8=Q+ Kxf8 28. Nxa4 {strator resigns} 1-0

[Event "ICS rated blitz match"]
[Site "207.99.83.227"]
[Date "1999.04.23"]
[Round "?"]
[White "lambChop"]
[Black "Hossa"]
[Result "0-1"]
[WhiteElo "2575"]
[BlackElo "2462"]
[PlyCount "148"]

1. e4 e5 2. Nf3 Nc6 3. d4 exd4 4. Nxd4 Qh4 5. Nb5 Qxe4+ 6. Be2 Bb4+ 7. Kf1 Ba5
8. N1c3 Qe5 9. f4 Qe7 10. Nd5 Qd8 11. Bd2 Bb6 12. Nxb6 axb6 13. Bc3 Kf8 14. Bc4
Nh6 15. Qd2 Ra4 16. Bb3 Re4 17. Bd5 Re7 18. Re1 Rg8 19. Be4 f5 20. Bd5 Nf7 21.
Kf2 d6 22. Rhf1 Rxe1 23. Rxe1 Ne7 24. Bb3 Bd7 25. Nd4 d5 26. Nf3 c6 27. Kg1 Nd6
28. Ng5 h6 29. Nh7+ Kf7 30. Qe2 Ng6 31. Qf3 Ne4 32. Rxe4 fxe4 33. Qxe4 Qh4 34.
Bxd5+ cxd5 35. Qxd5+ Be6 36. Qxb7+ Ne7 37. Qc7 Qg4 38. h3 Qd1+ 39. Kh2 Qxc2 40.
Qxb6 Qxh7 41. a3 Qf5 42. Be5 Re8 43. b4 Ng6 44. Qc7+ Re7 45. Qc5 Nxe5 46. fxe5
Bb3 47. e6+ Qxe6 48. Qh5+ Kg8 49. Qc5 Qe5+ 50. Qxe5 Rxe5 51. Kg3 Re2 52. Kf3
Ra2 53. g4 Rxa3 54. Kf4 Bd1 55. h4 Rb3 56. Ke5 Bxg4 57. Kd6 Rxb4 58. Kc5 Rb2
59. Kd5 Rh2 60. Ke5 Rxh4 61. Kd5 Bf3+ 62. Ke6 Rh2 63. Ke5 Bh5 64. Kd4 Rh4+ 65.
Kd3 Kh7 66. Ke3 Kg6 67. Kd2 Rh3 68. Kc2 Kf5 69. Kd2 Ke4 70. Kc2 Kd4 71. Kb2 Bg6
72. Ka2 Kc3 73. Ka3 Rh4 74. Ka2 74... Ra4# {lambChop checkmated} 0-1

[Event "ICS rated blitz match"]
[Site "207.99.83.227"]
[Date "1999.04.23"]
[Round "?"]
[White "Hossa"]
[Black "peonnegro"]
[Result "1-0"]
[WhiteElo "2483"]
[BlackElo "2223"]
[PlyCount "57"]

1. d4 Nf6 2. c4 e6 3. Nf3 Bb4+ 4. Bd2 Qe7 5. e3 a5 6. a3 Bxd2+ 7. Nbxd2 b6 8.
e4 d6 9. Bd3 e5 10. dxe5 dxe5 11. Qe2 O-O 12. O-O a4 13. Rad1 Na6 14. Bc2 Nc5
15. Nb1 Bd7 16. Nc3 c6 17. Kh1 Rfd8 18. Rd2 Ne8 19. Rfd1 f6 20. Nh4 Nc7 21. Qh5
Be8 22. Nf5 Bxh5 23. Nxe7+ Kf7 24. Nxc6 Rxd2 25. Rxd2 N7e6 26. Rd6 Bg6 27. f3
h5 28. Nd5 Rb8 29. Nxb8 {peonnegro resigns} 1-0

[Event "ICS rated blitz match"]
[Site "207.99.83.227"]
[Date "1999.04.23"]
[Round "?"]
[White "Maroczy"]
[Black "Hossa"]
[Result "1/2-1/2"]
[WhiteElo "2339"]
[BlackElo "2489"]
[PlyCount "83"]

1. e4 e6 2. d4 d5 3. Nc3 dxe4 4. Nxe4 Nf6 5. Nxf6+ Qxf6 6. Nf3 Qd8 7. Bd3 Be7
8. Bf4 O-O 9. Qd2 Nc6 10. O-O-O Nb4 11. Kb1 Nxd3 12. Qxd3 Re8 13. Rhe1 c6 14.
Ne5 f6 15. Nf3 Qb6 16. Qb3 Qxb3 17. axb3 a5 18. c3 a4 19. bxa4 Rxa4 20. Kc2 Bd7
21. Ra1 Rea8 22. Rxa4 Rxa4 23. Bc1 g5 24. h3 Bd6 25. Nd2 Ra1 26. Ne4 Be7 27.
Bd2 Rxe1 28. Bxe1 Be8 29. f3 Bg6 30. Kd2 h5 31. Bg3 g4 32. hxg4 hxg4 33. Ke3
gxf3 34. gxf3 Bf5 35. Bd6 Bd8 36. Nc5 b5 37. Nb7 Bb6 38. Bc5 Bc7 39. Bd6 Bb6
40. Bc5 Bc7 41. Bd6 Bb6 42. Bc5 {Game drawn by repetition} 1/2-1/2

[Event "ICS rated blitz match"]
[Site "207.99.83.227"]
[Date "1999.04.23"]
[Round "?"]
[White "newfisher"]
[Black "Hossa"]
[Result "0-1"]
[WhiteElo "2106"]
[BlackElo "2482"]
[PlyCount "40"]

1. g3 e5 2. Bg2 d5 3. d3 Nf6 4. Nd2 Bb4 5. c3 Bc5 6. e4 Ng4 7. Nh3 Bxf2+ 8.
Nxf2 Ne3 9. Qe2 Nc2+ 10. Kd1 Nxa1 11. b3 dxe4 12. dxe4 Be6 13. Bb2 Nxb3 14.
axb3 Bxb3+ 15. Kc1 Ba4 16. Nd3 Nd7 17. Bh3 f6 18. Nf3 Bb5 19. Rd1 Nb6 20. Qc2
20... Ba4 {newfisher resigns} 0-1

[Event "ICS Rated bullet match"]
[Site "207.99.83.227"]
[Date "1999.04.23"]
[Round "?"]
[White "Hossa"]
[Black "RODEMG"]
[Result "1-0"]
[WhiteElo "2456"]
[BlackElo "2150"]
[Annotator "Crafty v16.6"]
[PlyCount "35"]

{annotating for player Hossa using a scoring margin of +0.10 pawns. search
time limit is 10.00} 1. e4 1... c5 2. Bc4 e6 3. Nc3 a6 4. Nf3 Qc7 5. d3 ({
8:+0.54} 5. d3 5... b5 6. Bb3 d6 7. O-O e5 8. a4 8... b4 $14) ({8:+0.78} 5. O-O
5... b5 6. Bd3 Nc6 7. Be2 b4 8. Na4 8... Qf4 $16) 5... d6 6. O-O b5 7. Bb3 Bb7
8. Bf4 Nc6 9. Qd2 Nf6 10. Rae1 Be7 11. e5 dxe5 12. Nxe5 Nxe5 13. Bxe5 Bd6 14.
Bxd6 Qxd6 15. Qg5 O-O 16. a4 b4 17. Ne2 e5 18. Ng3 1-0

[Event "ICS rated blitz match"]
[Site "207.99.83.227"]
[Date "1999.04.23"]
[Round "?"]
[White "Hossa"]
[Black "petrosyanovich"]
[Result "1-0"]
[WhiteElo "2485"]
[BlackElo "2233"]
[PlyCount "127"]

1. e4 Nc6 2. d4 d5 3. e5 Bf5 4. Nf3 e6 5. Bb5 Nge7 6. O-O a6 7. Ba4 b5 8. Bb3
Na5 9. Bg5 Qd7 10. Nh4 Bg6 11. Nd2 Nec6 12. Nxg6 hxg6 13. Nf3 Be7 14. Bxe7 Qxe7
15. Qd3 Nc4 16. Bxc4 bxc4 17. Qe3 Rb8 18. b3 cxb3 19. cxb3 Rb6 20. Rac1 Kd7 21.
Rc5 Rb5 22. Rc3 Na7 23. Rc2 c6 24. Re1 Rb6 25. Qd2 Nb5 26. Rc5 Ra8 27. Rec1 a5
28. Qc2 Raa6 29. Re1 Na7 30. Ra1 Rb4 31. Qd3 Rbb6 32. Qe2 Nc8 33. Re1 Na7 34.
Rb1 a4 35. b4 Nb5 36. Re1 Ra7 37. Qc2 Raa6 38. Qd3 a3 39. Rec1 Ra4 40. Qb3 Raa6
41. Rd1 Qd8 42. Qe3 Qe7 43. Qf4 Ra4 44. Rb1 Raa6 45. Qe3 Ra4 46. Qb3 Raa6 47.
Qc2 Ra8 48. Rc1 Rc8 49. Kh1 Qd8 50. Qd2 Ra8 51. Qd3 Qe7 52. Qc2 Rc8 53. Qa4 Ke8
54. Kg1 Kf8 55. Rxb5 Rxb5 56. Qxb5 Re8 57. Rxc6 Kg8 58. Rc7 Qxc7 59. Qxe8+ Kh7
60. Ng5+ Kh6 61. Nxf7+ Kh5 62. Qh8+ Kg4 63. Qh3+ Kf4 64. Qf3# {
petrosyanovich checkmated} 1-0